High voltage engineering (Record no. 7357)

000 -LEADER
fixed length control field 00550nam a2200217 4500
001 - CONTROL NUMBER
control field 7357
003 - CONTROL NUMBER IDENTIFIER
control field BD-DhUET
008 - FIXED-LENGTH DATA ELEMENTS--GENERAL INFORMATION
fixed length control field 141208b xxu||||| |||| 00| 0 eng d
020 ## - INTERNATIONAL STANDARD BOOK NUMBER
International Standard Book Number 0074622862
040 ## - CATALOGING SOURCE
Original cataloging agency DLC
Transcribing agency DLC
Modifying agency BD-DhUET
082 ## - DEWEY DECIMAL CLASSIFICATION NUMBER
Classification number 623.14
Item number NAI/1982
100 ## - MAIN ENTRY--PERSONAL NAME
Personal name Naidu, M. S.
245 ## - TITLE STATEMENT
Title High voltage engineering
250 ## - EDITION STATEMENT
Edition statement 2nd ed.
260 ## - PUBLICATION, DISTRIBUTION, ETC. (IMPRINT)
Place of publication, distribution, etc. New Delhi
Name of publisher, distributor, etc. Tata McGraw-Hill
Date of publication, distribution, etc. 1982
300 ## - PHYSICAL DESCRIPTION
Extent xi, 327 p.
Other physical details ill.
504 ## - BIBLIOGRAPHY, ETC. NOTE
Bibliography, etc Includes bibliographies
650 #0 - SUBJECT ADDED ENTRY--TOPICAL TERM
Topical term or geographic name as entry element Voltage : Electric machinery
700 ## - ADDED ENTRY--PERSONAL NAME
Personal name Kamaraju, V
942 ## - ADDED ENTRY ELEMENTS (KOHA)
Koha item type General Book
Holdings
Piece designation (barcode) Withdrawn status Date acquired Koha item type Source of classification or shelving scheme Copy number Sublocation or collection (holding branch) Koha full call number Koha normalized classification for sorting Koha date last seen Price effective from Location (home branch) Not for loan Damaged status Shelving location Lost status
55357 2014-12-08General Book 1Central Library, BUET623.14/NAI/1982623_140000000000000_NAI_19822014-12-082014-12-08Central Library, BUET  Circulation section 
80864 2015-06-28Reading Item 2Central Library, BUET623.14/NAI/1982623_140000000000000_NAI_19822015-06-282015-06-28Central Library, BUET  Reading section 
80865 2015-06-28Reading Item 3Central Library, BUET623.14/NAI/1982623_140000000000000_NAI_19822015-06-282015-06-28Central Library, BUET  Reading section 
80862 2015-06-28Reading Item 4Central Library, BUET623.14/NAI/1982623_140000000000000_NAI_19822015-06-282015-06-28Central Library, BUET  Reading section